000 00295nam a2200109Ia 4500
008 171211s9999 xx 000 0 und d
245 2 _aA Field Guide to Deep-Sky Objects
245 _cMike Inglis
260 _c2012
650 _xASTRONOMY
856 _uhttp://down.ebook777.com/064/146141265X.pdf
999 _c349399
_d349399